Marketingový mix spoločnosti FREEDU, s.r.o. diplomová práca

Guardado en:
Detalles Bibliográficos
Autor principal: Adamkovičová, Ľubica
Autor Corporativo: Obchodná fakulta EU. Katedra marketingu
Otros Autores: Hasprová, Mária, 1970-
Formato: Libro
Lenguaje:eslovaco
Publicado: Bratislava 2008
Etiquetas: Agregar Etiqueta
Sin Etiquetas, Sea el primero en etiquetar este registro!

MARC

LEADER 00000nam$a2200000$$$4500
001 0081521
005 20240201115536.3
041 0 |a slo 
044 |a SK 
245 1 0 |a Marketingový mix spoločnosti FREEDU, s.r.o.  |b diplomová práca  |c Ľubica Adamkovičová ; škol. Mária Hasprová 
264 1 |a Bratislava  |c 2008 
300 |a 79 s. 
100 1 |a Adamkovičová, Ľubica 
700 1 |a Hasprová, Mária, 1970- 
710 2 |a Obchodná fakulta EU. Katedra marketingu